000 00544nam a2200205Ia 4500
001 233
005 20251203123020.0
008 251203t1996||||xx |||||||||||||| ||spa||
041 _aESP
082 _aRT 912
_bC76
110 _aEmpresa Editora El Comercio
245 0 _aGran atlas del mundo :
_bThe Times
260 _aLima :
_bEl Comercio,
_c1996
300 _a303 páginas :
_b ilustraciones, mapas ;
_c 37 cm.
_e
440 _a
_n
_v
650 _aGEH
653 _aGeografía histórica; Atlas
654 _aCTP
942 _cLIB
_dJUS
_fTRC
_2ddc
_n
999 _c233
_d233